EVERY Track and Field Event on Athletic.Net - Statistics

General Stats
  • This quiz has been taken 17 times
  • The average score is 73 of 278
Answer Stats
Answer % Correct
100m
100%
300m
100%
400m
100%
800m
100%
200m
93%
600m
93%
3000m
87%
5000m
87%
60m
87%
long jump
87%
Shot Put
87%
shot put
87%
10000m
80%
1000m
80%
100mh
80%
110m
80%
1500m
80%
500m
80%
marathon
80%
triple jump
80%
400mH
73%
55m
73%
high jump
73%
pole vault
73%
1200m
67%
1600m
67%
2000m
67%
20m
67%
30m
67%
40m
67%
45m
67%
4x100
67%
4x200
67%
4x400
67%
4x80
67%
50m
67%
70m
67%
80m
67%
Discus
67%
discus
67%
hammer
67%
Javelin
67%
javelin
67%
110mH
60%
150m
60%
200mh
60%
35m
60%
4x160
60%
4x800
60%
700m
60%
90m
60%
Mile
60%
25m
53%
300mH
53%
4x50
53%
4x60
53%
75m
53%
decathlon
53%
half marathon
53%
heptathlon
53%
120m
47%
15m
47%
3200m
47%
4x150
47%
4x1600
47%
60mh
47%
100y
40%
160m
40%
4000m
40%
4x300
40%
50mh
40%
55mh
40%
70mh
40%
110y
33%
150y
33%
180m
33%
220y
33%
350m
33%
40y
33%
440y
33%
4x180
33%
4x600
33%
50y
33%
60y
33%
80mh
33%
880y
33%
pentathlon
33%
1000y
27%
200y
27%
2400m
27%
250m
27%
2 miles
27%
320m
27%
40mh
27%
45y
27%
4x1500
27%
4x250
27%
4x55
27%
500y
27%
600y
27%
8000m
27%
90mh
27%
145m
20%
20000m Racewalk
20%
300y
20%
330y
20%
3 miles
20%
440yh
20%
45mh
20%
4x1200
20%
4x240
20%
4x320
20%
4x3200
20%
4x75
20%
550m
20%
65mh
20%
75y
20%
Decathalon
20%
standing long jump
20%
triathalon
20%
weight throw
20%
10000m Racewalk
13%
10m fly
13%
165m
13%
180y
13%
1 mile
13%
220yh
13%
240m
13%
330yh
13%
360m
13%
4x145
13%
4x750
13%
4xmile
13%
5000m Racewalk
13%
660y
13%
6 miles
13%
75mh
13%
octathlon
13%
smr 1600
13%
smr 800
13%
standing triple jump
13%
swedish
13%
vortex
13%
1000m Racewalk
7%
100m Racewalk
7%
1100m Racewalk
7%
1200m Racewalk
7%
120yh
7%
1.2k sc
7%
1320y
7%
1440m
7%
1500m Power Walk
7%
1500m Racewalk
7%
1.5k sc
7%
1600m Racewalk
7%
160yh
7%
180yh
7%
195mh
7%
1-Hour Racewalk
7%
1k sc
7%
1 mile sc
7%
2000m Racewalk
7%
200yh
7%
2k sc
7%
2 mile racewalk
7%
3000m Racewalk
7%
30m fly
7%
3k sc
7%
400m Racewalk
7%
40yh
7%
45yh
7%
47mh
7%
4x100 shuttle hurdles
7%
4x100 throwers
7%
4x100y shuttle hurdles
7%
4x102.5 shuttle hurdles
7%
4x110 2-shuttle hurdles 2-dash
7%
4x110 shuttle hurdles
7%
4x110y
7%
4x120y shuttle hurdles
7%
4x133
7%
4x160m shuttle hurdles
7%
4x160y
7%
4x180y shuttle hurdles
7%
4x200 shuttle hurdles
7%
4x200y
7%
4x220y
7%
4x225
7%
4x300 shuttle hurdles
7%
4x320y
7%
4x360
7%
4x375
7%
4x400 shuttle hurdles
7%
4x400y
7%
4x440y
7%
4x440y shuttle hurdles
7%
4x50 shuttle hurdles
7%
4x50y shuttle
7%
4x51.5 shuttle hurdles
7%
4x55 shuttle hurdles
7%
4x55y shuttle hurdles
7%
4x60 shuttle
7%
4x60 shuttle hurdles
7%
4x65 shuttle hurdles
7%
4x660y
7%
4x70 shuttle hurdles
7%
4x720
7%
4x75 shuttle hurdles
7%
4x800y
7%
4x80y shuttle hurdles
7%
4x880y
7%
5000m Power Walk
7%
50yh
7%
60m Racewalk
7%
60yh
7%
700m Racewalk
7%
70yh
7%
720m
7%
750m
7%
800m Racewalk
7%
attendee
7%
baseball throw
7%
box jump
7%
club throw
7%
dmr 1600
7%
dmr 2400
7%
dmr 2.5 mile
7%
dmr 2600
7%
dmr 2800
7%
dmr 3000
7%
dmr 3200
7%
dmr 3600
7%
dmr 4000
7%
dmr 4300
7%
dmr 4800
7%
dmr 6800
7%
flippy flier
7%
football throw
7%
frisbee throw
7%
jv shot put
7%
medicine ball throw ohb
7%
medicine ball uhf
7%
mile racewalk
7%
mmr 2400
7%
mmr 2600
7%
other
7%
plank
7%
quoit
7%
roster only
7%
sack race
7%
seated shot put
7%
smr 1200
7%
smr 1440
7%
smr 1450
7%
smr 1500
7%
smr 1520
7%
smr 1650y
7%
smr 1760y
7%
smr 2000
7%
smr 400
7%
smr 600
7%
smr 660y
7%
smr 776
7%
smr 880y
7%
smr 960
7%
soccerball throw
7%
soccer kick
7%
softball throw
7%
standing vertical jump
7%
super weight throw
7%
tennis ball throw
7%
tetrathlon
7%
throws pentathlon
7%
t shirt
7%
tug of war
7%
ultra weight throw
7%
wall sit
7%
No matching quizzes found
Score Distribution
Percent of People with Each Score
Percentile by Number Answered
Your Score History
You have not taken this quiz